| 000 | 01068cam a22003371i 4500 | ||
|---|---|---|---|
| 999 |
_c2366 _d2366 |
||
| 001 | 019540686 | ||
| 003 | UkOxU | ||
| 005 | 20230502085318.0 | ||
| 008 | 130318r20131982enka j 000 f eng|d | ||
| 015 |
_aGBB328656 _2bnb |
||
| 016 | 7 |
_a016307433 _2Uk |
|
| 020 | _a9780141343358 (pbk.) : | ||
| 035 | _a(Uk)016307433 | ||
| 040 |
_aStDuBDS _beng _erda _cStDuBDS _dUk _dKH8 |
||
| 042 | _aukblsr | ||
| 082 | 0 | 4 |
_a823.914 AHL _223 |
| 100 | 1 |
_aAhlberg, Janet, _eartist. |
|
| 245 | 1 | 4 |
_aThe baby's catalogue / _cJanet and Allan Ahlberg. |
| 264 | 1 |
_aLondon : _bPuffin, _c2013. |
|
| 300 |
_a1 volume (unpaged) : _bchiefly illustrations (colour) ; _c22 x 23 cm |
||
| 336 |
_atext _2rdacontent |
||
| 336 |
_astill image _2rdacontent |
||
| 337 |
_aunmediated _2rdamedia |
||
| 338 |
_avolume _2rdacarrier |
||
| 500 | _aOriginally published: Harmondsworth: Kestrel, 1982. | ||
| 500 |
_aFormerly CIP. _5Uk |
||
| 650 | 0 |
_aInfants _vPictorial works _vJuvenile fiction. |
|
| 655 | 7 |
_aChildren's stories _vPictorial works. |
|
| 700 | 1 |
_aAhlberg, Allan, _eauthor. |
|
| 942 |
_2ddc _cFIC |
||